| 000 | 00960cam a22002894a 4500 | ||
|---|---|---|---|
| 001 | 13852974 | ||
| 005 | 20141223102703.0 | ||
| 008 | 050128t2005 xxk frb 001 0 eng d | ||
| 010 | _a2005041048 | ||
| 020 | _a1403935335 (cloth) | ||
| 020 | _a1403935343 (pbk.) | ||
| 020 | _a9781403935342 | ||
| 040 |
_aDLC _cDLC _dDLC _dEG-ScBUE |
||
| 082 | 0 | 0 |
_a320.011 _222 _bMOR |
| 100 | 1 |
_aMorrow, John, _cPh. D. _937023 |
|
| 245 | 1 | 0 |
_aHistory of western political thought : _ba thematic introduction / _cJohn Morrow. |
| 250 | _a2nd ed. | ||
| 260 |
_aHoundmills, United Kingdom ; _aNew York, United States : _bPalgrave Macmillan, _cc.2005. |
||
| 300 |
_axvi, 416 p. ; _c24 cm. |
||
| 500 | _aRev. ed. of : History of political thought. 1998. | ||
| 500 | _aIncludes indexes. | ||
| 504 | _aBibliography : p. 390-406. | ||
| 650 | 0 |
_aPolitical science _xHistory _99516 |
|
| 653 |
_bBUSBOL _cDecember2014 |
||
| 655 |
_vreading book _934232 |
||
| 942 |
_2ddc _k320.011 MOR |
||
| 999 |
_c18815 _d18787 |
||